000 00655 a2200193 4500
020 _a0071134891
020 _a9780071134897
090 _c2013
_d2013
100 1 _aMCCOMAS, MARY KAY.
245 1 0 _aModern business correspondence /
_cMARY KAY MCCOMAS.
250 _aInternational Ed ed.
260 _a[S.l.] :
_bMCGRAW-HILL EDUCATION (ISE EDITIONS),
_c1994.
300 _a320 p.
500 _aImport.
500 _aPaperback.
856 4 0 _3Amazon.com
_uhttp://www.amazon.com/exec/obidos/ASIN/0071134891/chopaconline-20
856 4 0 _3Amazon customer reviews
_uhttp://www.chopac.org/cgi-bin/tools/azrev.pl?q=0071134891
942 _aNBS
_cBK
_k651.75 MCC
999 _c344516
_d344516